书目信息 |
| 题名: |
袁世凯称帝及其败亡
|
|
| 作者: | 胡柏立 著 | |
| 分册: | ||
| 出版信息: | 郑州 河南人民出版社 1981 |
|
| 页数: | 77页 | |
| 开本: | 19cm | |
| 丛书名: | ||
| 单 册: | ||
| 中图分类: | K258.3 , K257 | |
| 科图分类: | ||
| 主题词: | 洪宪帝制 | |
| 电子资源: | ||
| ISBN: | ||
| 000 | 00592nam0 2200229 450 | |
| 001 | 1535999976 | |
| 005 | 20170926121712.78 | |
| 010 | @dCNY0.23 | |
| 091 | @a11105.32 | |
| 100 | @a19950601d1981 em y0chiy0110 ea | |
| 101 | 0 | @achi |
| 102 | @aCN@b410000 | |
| 105 | @ay z 000yy | |
| 200 | 1 | @a袁世凯称帝及其败亡@9yuan shi kai cheng di ji qi bai wang@f胡柏立著 |
| 210 | @a郑州@c河南人民出版社@d1981 | |
| 215 | @a77页@d19cm | |
| 606 | 0 | @a洪宪帝制 |
| 690 | @aK258.3@v5 | |
| 690 | @aK257@v4 | |
| 701 | 0 | @a胡柏立@9hu bai li@4著 |
| 801 | 0 | @aCN@bTSSF@c20150118 |
| 905 | @aZUCC@dK257@eJY23 | |
| 袁世凯称帝及其败亡/胡柏立著.-郑州:河南人民出版社,1981 |
| 77页;19cm |
| ISBN :CNY0.23 |
| ● |
| 相关链接 |
|
|
|
|
正题名:袁世凯称帝及其败亡
索取号:K257/JY23
 
预约/预借
| 序号 | 登录号 | 条形码 | 馆藏地/架位号 | 状态 | 备注 |
| 1 | 7852990 | 278529905 | 学院路分馆/ [索取号:K257/JY23] | 在馆 | |
| 2 | 7852991 | 278529914 | 学院路分馆/ [索取号:K257/JY23] | 在馆 |